000
002490000a22000970004500
100
1
_a
Hill, Jo
245
1
0
_a
A passage to India : The kingdom of God in downtown Calcutta
300
_a
Num 16 (2001), Páginas 18-19
773
0
_t
Teartimes
942
_c
ANA
999
_c
55918
_d
55918